Pagos provisionales del ISR 2018 (Registro nro. 166017)
[ vista simple ]
| 000 -LEADER | |
|---|---|
| fixed length control field | 01326nam a22002537a 4500 |
| 007 - PHYSICAL DESCRIPTION FIXED FIELD--GENERAL INFORMATION | |
| fixed length control field | cr|||| |||| |
| 008 - FIXED-LENGTH DATA ELEMENTS--GENERAL INFORMATION | |
| fixed length control field | 180417s2018 mx |||||s|||| 00||0 spa d |
| 020 ## - INTERNATIONAL STANDARD BOOK NUMBER | |
| International Standard Book Number | 978-607-406-999-0 |
| 035 ## - | |
| -- | 21436 |
| 040 ## - CATALOGING SOURCE | |
| Original cataloging agency | vLex |
| 090 ## - | |
| -- | 7780 |
| -- | 7780 |
| 100 1# - MAIN ENTRY--PERSONAL NAME | |
| Personal name | Domínguez Orozco, Jaime |
| 245 10 - TITLE STATEMENT | |
| Title | Pagos provisionales del ISR 2018 |
| Medium | [Recurso electrónico] / |
| Statement of responsibility, etc | Jaime Domínguez Orozco |
| 256 ## - | |
| -- | Servicio en línea |
| 260 ## - PUBLICATION, DISTRIBUTION, ETC. (IMPRINT) | |
| Place of publication, distribution, etc | Ciudad de México: |
| Name of publisher, distributor, etc | Ediciones Fiscales ISEF, |
| Date of publication, distribution, etc | 2018 |
| 300 ## - PHYSICAL DESCRIPTION | |
| Extent | 1 recurso electrónico |
| 500 ## - GENERAL NOTE | |
| General note | Esta obra tiene como objetivo que el lector (contribuyente) persona física o moral, encuentre orientación en forma práctica y sencilla, paso a paso sobre aquellos PAGOS PROVISIONALES DEL ISR, que sirvan de base para que opere en un marco de seguridad y tranquilidad jurídica. |
| 506 1# - RESTRICTIONS ON ACCESS NOTE | |
| Terms governing access | Disponible solo en los productos indicados |
| Authorized users | vLex Global |
| -- | vLex Global (Academic Edition, excluding Law Schools) |
| -- | vLex Global (U.S. Academic Edition, Law Schools) |
| -- | vLex Global (U.S. Academic Edition, excluding Law Schools) |
| -- | vLex Global (Academic Edition, Law Schools) |
| 650 04 - SUBJECT ADDED ENTRY--TOPICAL TERM | |
| Topical term or geographic name as entry element | Derecho Fiscal |
| Geographic subdivision | México |
| 740 0# - | |
| -- | vLex Libros (Servicio en línea) |
| 856 40 - LOCALIZACIÓN Y ACCESO ELECTRÓNICO | |
| Identificador Uniforme del Recurso (URI/URL) | https://app.vlex.com/#/sources/pagos-provisionales-del-isr-2018-21436 |
| 942 ## - | |
| -- | RAA |
| 999 ## - | |
| -- | 166017 |
| -- | 166017 |
No hay ítems disponibles.